Dvadsať minút s anjelom komédia v 1 dejstve

Bibliographic Details
Main Author: Vampilov, Aleksandr Valentinovič, 1937-1972 (Author)
Other Authors: Kret, Anton, 1930-2019 (Translator)
Format: Book
Language:Slovak
Russian
PhysicalDescription:23, [1] s. 4°
Published: Bratislava Lita 1974
Subjects:

MARC

LEADER 00000cam a2200000 a 4500
001 vtls008340630
003 SK-MaSNL
005 20260302003812.0
008 240314s1974 xo 000 0 slo
015 |a SNBA1974/03-01001 
035 |a SK01SNK19740032847 
035 |a SKM000035310 
040 |a SNK  |b slo  |c SNK  |e AACR2 
041 1 |a slo  |h rus 
044 |a xo  |c SK 
080 |a 882-2  |2 1981 
100 1 |a Vampilov, Aleksandr Valentinovič,  |d 1937-1972  |4 aut  |9 8888 
240 1 0 |a Dvadcať minut s angelom  |l Slovensky 
245 1 0 |a Dvadsať minút s anjelom  |b komédia v 1 dejstve  |c Aleksandr Vampilov ; z rus. orig. prel. Anton Kret 
260 |a Bratislava  |b Lita  |c 1974 
300 |a 23, [1] s.  |c 4° 
655 7 |a ruské divadelné hry  |2 SNKPH  |9 308524 
700 1 |a Kret, Anton,  |d 1930-2019  |4 trl  |9 102081 
852 |a Slovenská národná knižnica v Martine  |b 10000  |h SB 20654 
852 |a Slovenská národná knižnica v Martine  |b 10000  |h SB 20654 D1 
958 |a OND 
958 |a RK 
958 |a RM 
958 |a UP 
958 |a RU 
958 |a BQ 
958 |a LX 
999 |c 993413  |d 995343 
952 |a SNK  |b SNK  |y PREZ  |7 0  |p 17A0901538  |o snkSB 20654  |i snkKSP 2725/74  |0 0  |1 0  |4 0  |d 2014-04-24  |f 1  |l 0  |r 2025-03-25 00:00:00  |w 2026-02-24 
952 |a SNK  |b SNK  |y VYP  |7 0  |o snkSB 20654 D1  |i snkKSP 2726/74  |0 0  |1 0  |4 0  |d 2014-04-24  |l 0  |r 2026-02-24 11:56:06  |w 2026-02-24